[Event "Bairro Buritizal Amapaense-ch"]
[Site "Bairro Buritizal"]
[Date "2021.06.27"]
[Round "4"]
[White "Pereira, Marcos Vinicius Fer"]
[Black "De Castro, Jeferson Ferreira"]
[Result "1-0"]
[WhiteElo "1447"]
[BlackElo "1800"]
[PlyCount "72"]
[EventDate "2021.06.25"]
[EventType "swiss"]
[EventRounds "5"]
[EventCountry "BRA"]
[SourceTitle "EXT 2022"]
[Source "ChessBase"]
[SourceDate "2021.10.06"]
[SourceVersion "1"]
[SourceVersionDate "2021.10.06"]
[SourceQuality "1"]

1. c4 e6 2. d4 d5 3. e3 c5 4. Nf3 Qb6 5. Be2 Nh6 6. cxd5 cxd4 7. Qa4+ Bd7 8. Qxd4 Qxd4 9. Nxd4 e5 10. Nb3 e4 11. 0-0 b6 12. Nc3 f5 13. f3 Bd6 14. fxe4 Ng4 15. Bxg4 fxg4 16. Bd2 b5 17. Nd4 a6 18. a3 h5 19. Nce2 g3 20. Nxg3 Bxg3 21. hxg3 Bg4 22. e5 Nd7 23. e6 Nb6 24. d6 Nc4 25. Bb4 0-0-0 26. Rac1 Kb7 27. Rf7+ Kb6 28. d7 Ne5 29. Rxg7 Nxd7 30. Rc6+ Kb7 31. exd7 Rxd7 32. Rxd7+ Bxd7 33. Rf6 Bg4 34. Ba5 Rh7 35. Rb6+ Kc8 36. Rxa6 Rb7 1-0